[Event "23rd ETCC Women 2021"]
[Site "Catez"]
[Date "2021.11.19"]
[Round "6.47"]
[White "Froewis, Annika"]
[Black "Vanduyfhuys, Daria"]
[Result "1-0"]
[WhiteElo "2079"]
[BlackElo "1933"]
[Annotator "TA"]
[PlyCount "81"]
[EventDate "2021.11.08"]
[EventType "team-tourn"]
[EventCountry "SLO"]
[WhiteTeam "Austria"]
[BlackTeam "Belgium"]
[WhiteTeamCountry "AUT"]
[BlackTeamCountry "BEL"]

{[%evp 9,81,0,0,4,52,42,25,37,68,66,68,46,55,-46,-49,-55,-64,-78,-91,-96,-57,
-56,-55,-45,-44,-50,-44,-83,-63,-53,-37,-52,-58,-52,-37,-44,-44,-52,-26,-30,-5,
0,0,-5,12,0,0,0,0,0,11,0,53,52,124,109,111,0,478,478,457,242,247,201,262,0,0,0,
214,7,29989,29990,29990,3452]} 1. d4 d5 2. Bf4 Nf6 3. e3 c5 4. c3 Qb6 5. Qb3 c4
6. Qc2 {D00: 1 d4 d5: Unusual lines.} Nc6 7. Nd2 g6 8. e4 {White has an edge.}
dxe4 9. Nxc4 Qd8 {[#]} 10. Bg5 $146 ({Predecessor:} 10. Ne2 Nd5 11. Qxe4 Bf5
12. Qf3 Ndb4 13. cxb4 Nxb4 14. Qb3 Nc2+ 15. Kd2 Nxa1 16. Qb5+ {1-0 (42) Pantev,
V (2644)-Muha,S (2520) Chess.com INT 2019}) 10... Bg7 11. Ne3 (11. f3 $14)
11... Nxd4 $1 $15 12. Qa4+ Nc6 13. Bb5 O-O 14. Bxf6 Bxf6 15. Ne2 a6 {aiming
for ...Na5.} (15... Qb6 {seems wilder.} 16. Nd5 Qc5 17. Rd1 Bg4 18. b4 Qd6) 16.
Bxc6 bxc6 17. Qxe4 Rb8 18. Qc2 Qb6 19. b3 $1 Bg5 20. Nc4 Qc5 21. Ng3 Be6 22.
Ne4 Qf5 {Hoping for ...Bxc4.} 23. Qe2 Bf4 24. O-O a5 {[%cal Ba6a5,Ba5a4][%mdl
32]} 25. Rfe1 a4 26. b4 {[%cal Bb3b4,Bb4a5,Ba5a6,Ba6a7][%mdl 32]} Qd5 27. Na5 {
Threatens to win with Qf3.} Bc7 $1 28. Nc5 {[%mdl 64] Strongly threatening
Rad1. Double Attack} Bxa5 29. Nxe6 fxe6 30. bxa5 Rf6 (30... Qxa5 $11 31. Qxe6+
Rf7) 31. a6 $36 {[%mdl 2048] White is pushing.} Rbf8 (31... Qa5 $14) 32. Rad1
$16 Qc5 {[%cal Rf6f2]} 33. Qe3 (33. Rf1 $16) 33... Qc4 $2 {[%mdl 8192] [#]} (
33... Qxe3 $11 {and Black stays safe.} 34. Rxe3 (34. fxe3 Ra8 $11) 34... Ra8)
34. a7 $1 $18 Qxa2 35. Rd2 (35. f3 $142) 35... Qb3 36. Ra1 {[%mdl 1024] White
has strong compensation.} Rf5 {[#]} 37. f3 $2 ({White has to play} 37. Rd4 $1
$18 {[%cal Rd4b4]} Rb5 38. Qe4 (38. Rdxa4 Qxa4 39. Qxe6+ {[%mdl 64] Double
Attack} Kh8 $14)) 37... Ra5 38. Rd7 Kf7 (38... Re8 $1 $11) 39. Qf4+ $2 ({
White should try} 39. Qh6 $18 Re8 40. Qxh7+ Kf6 41. Qh4+ Kf7 42. Rd4 Qxc3 43.
Qh7+ Kf6 44. Rf4+ Rf5 45. Qh4+ (45. Rfxa4 Qe3+ 46. Kh1 Rh5 $11) 45... Kg7 46.
Rfxa4) 39... Ke8 $2 {[%mdl 8192]} (39... Kg8 $11 40. Qe3 Re8) 40. Qc7 {[%csl
Gc7][%cal Rd7e7][%mdl 64] Double Attack} Kf7 41. Qxa5 {Weighted Error Value:
White=0.37/Black=0.55} (41. Rxe7+ $142 Kf6 42. Rxh7 Rh5 43. a8=Q Qb6+ 44. Qxb6
Rxa8 45. Qd4+ {[%mdl 64] Double Attack} e5 46. Qd6+ {[%mdl 64] Double Attack}
Kf5 47. Rf7+ Kg5 48. Qe7+ Kh6 49. Rh7#) 1-0

[Event "23rd ETCC Women 2021"]
[Site "Catez"]
[Date "2021.11.19"]
[Round "6.48"]
[White "Dierckens, Sarah"]
[Black "Mayrhuber, Nikola"]
[Result "0-1"]
[WhiteElo "1795"]
[BlackElo "2091"]
[Annotator "ChessBase"]
[PlyCount "88"]
[EventDate "2021.11.08"]
[EventType "team-tourn"]
[EventCountry "SLO"]
[WhiteTeam "Belgium"]
[BlackTeam "Austria"]
[WhiteTeamCountry "BEL"]
[BlackTeamCountry "AUT"]
[TimeControl "40/5400+30:1800+30"]

1. e4 {[%emt 0:00:03]} e6 {[%emt 0:00:06]} 2. d4 {[%emt 0:00:04]} d5 {[%emt 0:
00:04]} 3. Nc3 {[%emt 0:00:19]} Nf6 {[%emt 0:00:13]} 4. Bg5 {[%emt 0:00:08]}
dxe4 {[%emt 0:00:15]} 5. Nxe4 {[%emt 0:00:25]} Be7 {[%emt 0:00:11]} 6. Bxf6 {
[%emt 0:01:02]} gxf6 {[%emt 0:00:14]} 7. Nf3 {[%emt 0:01:14]} f5 {[%emt 0:00:
08]} 8. Ned2 {[%emt 0:03:46]} c5 {[%emt 0:05:59]} 9. c3 {[%emt 0:03:08]} Nc6 {
[%emt 0:11:17]} 10. Bb5 {[%emt 0:05:33]} Bd7 {[%emt 0:08:56]} 11. Nb3 {[%emt 0:
03:32]} cxd4 {[%emt 0:07:37]} 12. Nbxd4 {[%emt 0:00:36]} Qb6 {[%emt 0:05:16]}
13. Qe2 {[%emt 0:03:10]} Rg8 {[%emt 0:09:23]} 14. O-O-O {[%emt 0:08:43]} O-O-O
{[%emt 0:08:00]} 15. Bxc6 {[%emt 0:07:09]} Bxc6 {[%emt 0:04:25]} 16. Nxc6 {
[%emt 0:08:38]} bxc6 {[%emt 0:07:10]} 17. Nd4 {[%emt 0:03:51]} Bg5+ {[%emt 0:
03:36]} 18. Kb1 {[%emt 0:03:34]} Kb7 {[%emt 0:02:00]} 19. Qe5 {[%emt 0:10:12]}
Rd5 {[%emt 0:01:35]} 20. Qe2 {[%emt 0:02:49]} Bf6 {[%emt 0:01:22]} 21. Qh5 {
[%emt 0:03:51]} Rg7 {[%emt 0:02:00]} 22. Qh6 {[%emt 0:02:55]} Bxd4 {[%emt 0:05:
34]} 23. Rxd4 {[%emt 0:02:55]} Rxd4 {[%emt 0:03:06]} 24. Qxg7 {[%emt 0:04:19]}
Rd2 {[%emt 0:00:07]} 25. c4 {[%emt 0:00:12]} Qxf2 {[%emt 0:05:02]} 26. Qxf7+ {
[%emt 0:01:37]} Kb6 {[%emt 0:01:53]} 27. Qf6 {[%emt 0:01:32]} Qxg2 {[%emt 0:04:
58]} 28. Rc1 {[%emt 0:00:11]} Qe4+ {[%emt 0:02:06]} 29. Ka1 {[%emt 0:00:09]}
Qd4 {[%emt 0:00:51]} 30. Qxd4+ {[%emt 0:02:00]} Rxd4 {[%emt 0:00:01]} 31. b3 {
[%emt 0:01:59]} e5 {[%emt 0:00:52]} 32. Re1 {[%emt 0:01:13]} e4 {[%emt 0:00:08]
} 33. Kb1 {[%emt 0:05:25]} f4 {[%emt 0:01:17]} 34. Kc2 {[%emt 0:00:09]} e3 {
[%emt 0:00:20]} 35. Re2 {[%emt 0:01:43]} Kc5 {[%emt 0:00:48]} 36. Kc3 {[%emt 0:
00:24]} Rd1 {[%emt 0:00:30]} 37. Kc2 {[%emt 0:01:54]} Rf1 {[%emt 0:00:35]} 38.
Kd3 {[%emt 0:01:06]} Kb4 {[%emt 0:00:33]} 39. Kd4 {[%emt 0:04:27]} Rf2 {
[%emt 0:00:34]} 40. Kd3 {[%emt 0:02:34]} Rxe2 {[%emt 0:00:27]} 41. Kxe2 {
[%emt 0:30:06]} Kc3 {[%emt 0:30:13]} 42. h4 {[%emt 0:00:57]} h5 {[%emt 0:00:18]
} 43. Ke1 {[%emt 0:00:31]} f3 {[%emt 0:00:17]} 44. c5 {[%emt 0:00:17]} a5 {
[%emt 0:00:30]} 0-1

[Event "23rd ETCC Women 2021"]
[Site "Catez"]
[Date "2021.11.19"]
[Round "6.49"]
[White "Unuk, Laura"]
[Black "Ptacnikova, Lenka"]
[Result "1/2-1/2"]
[WhiteElo "2353"]
[BlackElo "2200"]
[Annotator "TA"]
[PlyCount "80"]
[EventDate "2021.11.08"]
[EventType "team-tourn"]
[EventCountry "SLO"]
[WhiteTeam "Slovenia"]
[BlackTeam "Iceland"]
[WhiteTeamCountry "SLO"]
[BlackTeamCountry "ISL"]

{[%evp 15,80,25,40,25,21,10,16,5,15,-12,23,23,18,-20,57,31,41,-48,-13,-24,-23,
-22,-21,-28,19,19,31,29,19,-140,-146,-142,-78,-113,-141,-145,-141,-188,-188,
-172,-147,-150,-155,-197,-143,-185,-185,-221,-218,-218,-209,-203,-208,-193,
-118,-137,-135,-134,-137,-205,0,0,0,-85,0,0,0]} 1. d4 d5 2. c4 dxc4 3. Nf3 Nf6
4. e3 e6 5. Bxc4 a6 6. Bb3 c5 7. O-O Nc6 8. Qe2 Qc7 9. Nc3 {D27: Queen's
Gambit Accepted: Classical main line: 7 e4!? and 7 a4.} Bd6 10. h3 O-O 11. Bd2
{[#]} b5 $146 ({Predecessor:} 11... b6 12. dxc5 Bxc5 13. Rac1 Bb7 14. Na4 Be7
15. e4 Nd7 16. Be3 b5 17. Nc3 Rfc8 {1-0 (47) Virolainen,V (2127)-Svensk,I 
(2254) Sweden 2011}) 12. Rac1 Qb6 (12... c4 $5 {[%cal Rc4b3]} 13. Bc2 Bb7 $11)
13. dxc5 Bxc5 14. Ng5 h6 ({Black should play} 14... Bb7 $11) 15. Nge4 Be7 16.
f4 (16. Nxf6+ $1 $14 Bxf6 17. Ne4) 16... Bb7 17. Nxf6+ Bxf6 18. Ne4 Bxb2 19.
Rc2 Na5 20. Bxa5 Qxa5 21. Nc5 Ba3 {[%cal Ra3c5]} 22. f5 $2 (22. Nxb7 $11 Qb6
23. Qf3) 22... Bxc5 $17 23. Rxc5 Qb6 (23... Rad8 $142 $1 {[%cal Rd8d2] White
must now prevent ...Rd2.} 24. Rf2 (24. fxe6 Rd2 $17) 24... Qb6) 24. Rcc1 Bd5
25. f6 g6 26. Kh1 Bxb3 27. axb3 Rac8 28. Qf3 e5 29. b4 Qe6 (29... Rc4 $19 30.
Rb1 Re8) 30. Rxc8 Rxc8 {[%mdl 4096] Endgame KQR-KQR} 31. Qb7 Qc6 32. Qa7 Rd8
33. Rf2 Rd6 34. Qe7 e4 (34... Re6 $19 35. Qd8+ Kh7) 35. Rc2 Rd1+ ({Worse is} 
35... Qxc2 36. Qe8+ Kh7 37. Qxf7+ Kh8 38. Qg7#) 36. Kh2 Qd6+ ({Weaker is} 36...
Qxc2 37. Qe8+ Kh7 38. Qxf7+ Kh8 39. Qg7#) 37. g3 {[#]} (37. Qxd6 $17 Rxd6 38.
Rc8+ Kh7 39. Re8) 37... Rd2+ $2 (37... Rh1+ $1 $19 {[%mdl 512]} 38. Kxh1 (38.
Kg2 Rg1+ {[%mdl 64] Decoy} 39. Kxg1 Qd1+ {[%mdl 64] Double Attack} 40. Kh2
Qxc2+ 41. Kg1 Qc1+ 42. Kg2 Qd2+ 43. Kf1 Qd1+ 44. Kg2 Qc2+ 45. Kg1 Qb1+ 46. Kf2
Qa2+ 47. Ke1 Qe6 $17) 38... Qd1+ {[%mdl 64] Double Attack} 39. Kg2 Qxc2+ 40.
Kf1 Qd3+ 41. Kg2 Qd2+ 42. Kf1 Qc1+ 43. Kg2 Qd2+ 44. Kf1 Qd1+ 45. Kg2 Qc2+ 46.
Kh1 Qd1+ 47. Kg2 Qe2+ 48. Kh1 Qe1+ 49. Kh2 Qd2+ 50. Kh1 Qd5) 38. Kh1 $11 {
Qe8+ would kill now.} Rd1+ ({Black should try} 38... Qe6 $11 39. Rxd2 Qxh3+ 40.
Kg1 Qxg3+ 41. Rg2 Qe1+ 42. Kh2 Qh4+ 43. Kg1 Qe1+ {[%mdl 64] Double Attack} 44.
Kh2 Qh4+ 45. Kg1 Qe1+ {[%mdl 64] Double Attack}) 39. Kh2 $17 {White wants to
mate with Qe8+.} Rd2+ (39... Qe6 $17 40. Kg2 Rd6) 40. Kh1 $11 {White threatens
Qe8+ and mate.} Rd1+ {Weighted Error Value: White=0.26/Black=0.26} 1/2-1/2

[Event "23rd ETCC Women 2021"]
[Site "Catez"]
[Date "2021.11.19"]
[Round "6.50"]
[White "Thorsteinsdottir, Hallgerdur"]
[Black "Urh, Zala"]
[Result "0-1"]
[WhiteElo "2010"]
[BlackElo "2332"]
[Annotator "TA"]
[PlyCount "78"]
[EventDate "2021.11.08"]
[EventType "team-tourn"]
[EventCountry "SLO"]
[WhiteTeam "Iceland"]
[BlackTeam "Slovenia"]
[WhiteTeamCountry "ISL"]
[BlackTeamCountry "SLO"]

{[%evp 10,78,29,29,23,31,31,16,13,0,0,0,0,0,7,-3,-4,-22,-24,-24,-11,-49,-47,
-52,17,0,35,35,29,0,22,18,27,15,16,-26,-22,-22,-11,-29,0,0,0,-113,-103,-72,-79,
-359,-360,-359,-344,-524,-531,-506,-400,-468,-435,-2450,-2430,-1972,-1957,
-1141,-318,-878,-880,-881,-877,-862,-855,-802,-764]} 1. e4 e5 2. Nf3 Nc6 3. Bc4
Nf6 4. d3 h6 5. Nbd2 d6 6. c3 a5 {6...g5 is becoming the main line. C55: Two
Knights: 4 d3, 4 d4 exd4 5 e5 and Max Lange Attack.} 7. a4 g6 {[#]} 8. Bb5 $146
({Predecessor:} 8. O-O Bg7 9. Re1 O-O 10. Nf1 Re8 11. Ne3 Be6 12. Qb3 Bxc4 13.
Qxc4 Qd7 14. Bd2 {1-0 (76) Maghsoodloo,P (2676)-Kamsky,G (2674) Chess.com INT
2020}) 8... Bg7 {The position is equal.} 9. d4 exd4 10. Nxd4 Bd7 11. O-O O-O
12. Re1 Re8 13. Nc2 g5 14. f3 Ne5 15. Bxd7 Qxd7 ({Of course not} 15... Nexd7 $6
16. Nc4 $11) 16. Nf1 g4 (16... d5 $15) 17. fxg4 Nexg4 18. Ng3 d5 $1 19. exd5
Nxd5 20. h3 Rxe1+ 21. Qxe1 Re8 22. Qf1 {[#]} Qd6 $1 23. Qf3 Qc5+ 24. Kh1 Nf2+ (
24... Ne5 $5 {[%cal Re5f3]} 25. Be3 Nxe3 26. Qxe3 Qxe3 27. Nxe3 Nd3 $15) 25.
Kh2 Be5 $1 $36 {[%mdl 2048] ...Ne4! is the strong threat. Black has some
pressure.} 26. Ne3 {[#]} (26. Bxh6 $11 Re6 27. Bg5) 26... Ne4 $1 $17 {[%mdl
576] Pin} 27. Nef5 {[#]} Re6 {aiming for ...Nxg3.} 28. Nxh6+ $2 {[%mdl 8192] 
[#] This costs White the game.} (28. Kh1 $17 {might work better.} Qf2 29. Qxe4)
28... Rxh6 $1 $19 {[%mdl 512]} 29. Qxe4 {[#]} Re6 {And now ...Bxg3+ would win.}
30. Qg4+ (30. Qh4 $142 Rg6 31. Bg5) 30... Rg6 31. Bg5 Nf6 ({Not} 31... Qf2 32.
h4 $17) 32. Qc8+ Kh7 {( -> ...Bxg3+)} 33. h4 (33. Bxf6 $142 Bxg3+ 34. Kh1 Rxf6
35. Qxb7) 33... Ne4 34. Rf1 Bxg3+ 35. Kh3 Qd5 $2 (35... Nxg5+ 36. hxg5 {[#]}
Qc4 $1 {[%mdl 64] Double Attack} 37. Kxg3 Qxf1 38. Qh3+ Kg8 39. Qc8+ Kg7) 36.
Qg4 $2 (36. Qf5 Qxf5+ 37. Rxf5) 36... Nf2+ {Black is clearly winning.} 37. Rxf2
Bxf2 38. Qh5+ Kg8 39. Qe2 Qe6+ {Weighted Error Value: White=0.68/Black=0.35}
0-1

[Event "23rd ETCC Women 2021"]
[Site "Catez"]
[Date "2021.11.19"]
[Round "6.51"]
[White "Janzelj, Lara"]
[Black "Johannsdottir, Johanna Bjorg"]
[Result "1-0"]
[WhiteElo "2150"]
[BlackElo "1952"]
[Annotator "ChessBase"]
[PlyCount "95"]
[EventDate "2021.11.08"]
[EventType "team-tourn"]
[EventCountry "SLO"]
[WhiteTeam "Slovenia"]
[BlackTeam "Iceland"]
[WhiteTeamCountry "SLO"]
[BlackTeamCountry "ISL"]
[TimeControl "40/5400+30:1800+30"]

1. d4 {[%emt 0:00:03]} Nf6 {[%emt 0:00:12]} 2. c4 {[%emt 0:00:07]} e6 {[%emt 0:
00:05]} 3. Nc3 {[%emt 0:00:17]} Bb4 {[%emt 0:00:27]} 4. f3 {[%emt 0:00:14]} b6
{[%emt 0:01:43]} 5. e4 {[%emt 0:04:16]} O-O {[%emt 0:01:13]} 6. Bd3 {[%emt 0:
01:07]} c5 {[%emt 0:03:01]} 7. d5 {[%emt 0:02:06]} exd5 {[%emt 0:01:26]} 8.
cxd5 {[%emt 0:01:44]} Qc7 {[%emt 0:02:25]} 9. a3 {[%emt 0:09:27]} Bxc3+ {
[%emt 0:10:34]} 10. bxc3 {[%emt 0:00:04]} c4 {[%emt 0:03:44]} 11. Bc2 {[%emt 0:
00:16]} Qe5 {[%emt 0:03:00]} 12. Ne2 {[%emt 0:01:53]} Re8 {[%emt 0:01:00]} 13.
Bf4 {[%emt 0:02:03]} Qe7 {[%emt 0:07:31]} 14. O-O {[%emt 0:04:30]} Nh5 {
[%emt 0:02:18]} 15. Be3 {[%emt 0:00:57]} f5 {[%emt 0:01:44]} 16. Nd4 {[%emt 0:
05:38]} d6 {[%emt 0:05:47]} 17. Qe2 {[%emt 0:05:46]} f4 {[%emt 0:03:28]} 18.
Bf2 {[%emt 0:01:18]} Ba6 {[%emt 0:02:06]} 19. Ne6 {[%emt 0:04:56]} Bc8 {
[%emt 0:04:45]} 20. Ba4 {[%emt 0:01:57]} Bxe6 {[%emt 0:08:02]} 21. Bxe8 {
[%emt 0:00:33]} Qxe8 {[%emt 0:00:06]} 22. dxe6 {[%emt 0:00:04]} Qxe6 {[%emt 0:
00:20]} 23. Rfd1 {[%emt 0:00:33]} Nc6 {[%emt 0:00:40]} 24. Bh4 {[%emt 0:03:51]}
Ne5 {[%emt 0:01:35]} 25. Rd5 {[%emt 0:02:31]} Nf6 {[%emt 0:02:20]} 26. Bxf6 {
[%emt 0:00:32]} Qxf6 {[%emt 0:00:06]} 27. Qa2 {[%emt 0:03:12]} Kh8 {[%emt 0:04:
26]} 28. Rad1 {[%emt 0:01:49]} Rd8 {[%emt 0:00:05]} 29. a4 {[%emt 0:00:28]} h5
{[%emt 0:03:31]} 30. Qf2 {[%emt 0:09:28]} h4 {[%emt 0:02:01]} 31. Qd4 {[%emt 0:
00:45]} Rf8 {[%emt 0:01:52]} 32. Rxd6 {[%emt 0:06:40]} Qg5 {[%emt 0:00:19]} 33.
Qf2 {[%emt 0:01:07]} Nd3 {[%emt 0:03:18]} 34. Qd4 {[%emt 0:01:34]} h3 {[%emt 0:
01:10]} 35. Rd2 {[%emt 0:01:37]} Ne1 {[%emt 0:03:41]} 36. Qf2 {[%emt 0:01:18]}
Nxg2 {[%emt 0:03:42]} 37. R2d5 {[%emt 0:00:58]} Qe7 {[%emt 0:00:28]} 38. Rh5+ {
[%emt 0:06:34]} Kg8 {[%emt 0:00:12]} 39. Qd4 {[%emt 0:01:24]} Ne3 {[%emt 0:01:
15]} 40. Kf2 {[%emt 0:05:07]} Qe8 {[%emt 0:03:06]} 41. Qe5 {[%emt 0:34:41]} Qc8
{[%emt 0:40:08]} 42. Rg5 {[%emt 0:04:42]} Rf7 {[%emt 0:00:48]} 43. Re6 {
[%emt 0:02:24]} Nd1+ {[%emt 0:00:00]} 44. Ke1 {[%emt 0:00:00]} Qd7 {[%emt 0:00:
00]} 45. Re8+ {[%emt 0:00:00]} Rf8 {[%emt 0:00:00]} 46. Rxf8+ {[%emt 0:00:00]}
Kxf8 {[%emt 0:00:00]} 47. Qxf4+ {[%emt 0:00:00]} Kg8 {[%emt 0:00:00]} 48. Rd5 {
[%emt 0:00:00]} 1-0

[Event "23rd ETCC Women 2021"]
[Site "Catez"]
[Date "2021.11.19"]
[Round "6.52"]
[White "Acevedo Mendez, Lisseth"]
[Black "Krivec, Jana"]
[Result "0-1"]
[WhiteElo "1803"]
[BlackElo "2227"]
[Annotator "TA"]
[PlyCount "112"]
[EventDate "2021.11.08"]
[EventType "team-tourn"]
[EventCountry "SLO"]
[WhiteTeam "Iceland"]
[BlackTeam "Slovenia"]
[WhiteTeamCountry "ISL"]
[BlackTeamCountry "SLO"]

{[%evp 9,112,47,48,49,54,48,57,37,44,14,0,-25,27,16,46,32,43,24,41,35,52,49,65,
45,71,77,123,77,65,69,98,37,47,-10,-2,-52,-47,-37,-29,-64,-60,-58,-53,-41,-25,
-20,0,-32,-35,-59,-51,-47,-43,-39,-29,-35,-29,-29,-29,-29,-28,-128,-61,-94,0,
-160,-45,-65,-72,-70,-63,-169,-169,-169,-120,-209,-131,-206,-213,-276,-269,
-247,-175,-184,-177,-461,-454,-466,-466,-472,-470,-459,-452,-487,-487,-604,
-598,-718,-718,-696,-710,-1883,-1487,-5514,-5471]} 1. e4 e5 2. Nf3 Nc6 3. d4
exd4 4. Nxd4 g6 5. Nxc6 bxc6 6. Bc4 {C45: Scotch Game.} Bg7 7. O-O Ne7 8. c3 {
White is slightly better.} O-O 9. Be3 d5 10. Bd3 f5 {[#]} ({Black should try} 
10... dxe4 11. Bxe4 Ba6) 11. exf5 $146 ({Predecessor:} 11. exd5 Nxd5 12. Bc5
Re8 13. Bc4 Kh8 14. Nd2 a5 15. Nf3 Rb8 16. Qd2 Nb6 17. Qxd8 Rxd8 {1-0 (32)
Movsesian,J (2297)-Ogloblina,L (2165) Miass 2007}) 11... Nxf5 12. Bc5 $36 {
[%mdl 2048] White is more active.} Nd6 13. Qa4 Bd7 14. Nd2 Qg5 15. f4 Qg4 16.
Rae1 Rab8 17. Nb3 Bh6 {[%cal Rh6f4]} 18. Be2 (18. Qxa7 $6 Bxf4 19. Be3 Be5 $11)
18... Qh4 {[%cal Rh6f4]} 19. g3 ({Don't go for} 19. Qxa7 $2 Bxf4 20. g3 Bxg3
$19) 19... Qd8 20. Bd3 ({But not} 20. Qxa7 $2 Ra8 $19) (20. Bf3 $16) 20... Re8
$14 21. Bxd6 ({Avoid the trap} 21. Qxa7 $2 Ra8 $19) (21. Kf2 $14) 21... cxd6
$11 22. Rxe8+ (22. Qxa7 {with more complications.} c5 23. Ba6 Be6 24. Be2 Ra8
25. Qb7) 22... Qxe8 23. Qd4 Bg7 24. Qf2 c5 25. Re1 Qf7 {Threatens to win with .
..c4.} 26. Bf1 Re8 27. Rxe8+ Bxe8 28. Bg2 Qf5 29. Qd2 Bf7 30. h3 d4 31. cxd4
Qb1+ 32. Kh2 $1 Qxa2 33. Nc1 Qc4 34. dxc5 Qxc5 35. Ne2 {[#]} (35. Nd3 $11 {
keeps the balance.} Qd4 36. Qc2) 35... Qf2 (35... a5 $1 $17 36. Nc1 Bf6) 36.
Kh1 Qc5 ({Better is} 36... Kh8 $17 {Hoping for ...Bc4.} 37. Bd5 Be8) 37. g4 $2
{[#]} (37. Kh2 $11) 37... h6 (37... a5 $1 $17 38. Ng3 Qb4 39. Qxb4 axb4) 38.
Ng3 Qd4 39. Qxd4 Bxd4 $17 {[%mdl 4096] Endgame KBB-KBN} 40. f5 ({White should
play} 40. b4 $15) 40... Bxb2 $19 41. fxg6 Bxg6 42. Bd5+ (42. Nf5 $17 {was
called for.}) 42... Kg7 43. Kg2 (43. Nf5+ $17 Kf6 44. Nxh6) 43... Kf6 44. Kf3
Ke5 45. Bb3 d5 46. Nf5 Bc1 47. Ne7 $2 (47. Ba4 {keeps fighting.}) 47... Be4+ {
Black is clearly winning.} 48. Ke2 d4 49. Bc4 Bg5 50. Nc8 a5 {[%cal Ba7a5,
Ba5a4,Ba4a3][%mdl 32] ...a4 is the strong threat.} 51. Nb6 Kf4 52. Bd3 Bf3+ 53.
Kf1 Kg3 54. Nc4 a4 55. Ne5 Bd5 56. Ke2 a3 {Weighted Error Value: White=0.56/
Black=0.25} 0-1

[Event "23rd ETCC Women 2021"]
[Site "Catez"]
[Date "2021.11.19"]
[Round "6.53"]
[White "Atalik, Ekaterina"]
[Black "Stojkovska, Monika"]
[Result "1-0"]
[WhiteElo "2430"]
[BlackElo "2066"]
[Annotator "TA"]
[PlyCount "75"]
[EventDate "2021.11.08"]
[EventType "team-tourn"]
[EventCountry "SLO"]
[WhiteTeam "Turkey"]
[BlackTeam "Macedonia"]
[WhiteTeamCountry "TUR"]
[BlackTeamCountry "MKD"]

{[%evp 13,75,14,23,15,7,3,88,95,86,85,94,102,100,100,95,91,95,69,126,109,131,
94,211,233,210,207,198,202,210,116,243,145,143,143,304,312,355,299,515,510,458,
483,626,425,422,418,418,409,507,508,644,639,608,603,721,732,733,725,721,726,
714,706,730,735]} 1. d4 Nf6 2. c4 e6 3. Nf3 b6 4. g3 Bb7 5. Bg2 Be7 6. O-O O-O
7. Re1 Na6 8. a3 {E17: Queen's Indian: 4 g3 Bb7 5 Bg2 Be7.} d5 9. cxd5 {[#]}
Nxd5 $146 (9... exd5 $11 10. Nc3 c5) ({Predecessor:} 9... exd5 10. b4 c6 11.
Nc3 Nc7 12. Bb2 a5 13. Qb3 Ne6 14. bxa5 Rxa5 15. a4 c5 {0-1 (68) Vidit,S (2726)
-Anton Guijarro,D (2681) chess24.com INT 2020}) 10. e4 $16 {White is better.}
Nf6 11. Nc3 c5 12. d5 exd5 13. exd5 Re8 14. Ne5 Bd6 15. Nc4 Nc7 (15... Rxe1+
$14 16. Qxe1 h6) 16. Bg5 Rxe1+ 17. Qxe1 h6 (17... Nce8 $16 {might work better.}
) 18. Bxf6 $18 gxf6 19. Qe2 Ne8 20. Qh5 Bf8 21. Ne3 (21. Rd1 $18) 21... Bc8 (
21... f5 $16) 22. Ng4 (22. d6 $18 Rb8 23. Bd5) 22... Bxg4 $16 23. Qxg4+ Bg7 $2
{[#] This costs Black the game.} (23... Ng7 $16 {was necessary.} 24. d6 Rb8)
24. d6 $1 $18 Rb8 25. Rd1 b5 $2 (25... f5 26. Qf4 (26. Qxf5 Nxd6 27. Qf4 Bd4
$18) 26... Qd7) 26. Ne4 {[%cal Bc3e4,Be4c5,Bc5b7][%mdl 32]} f5 27. Qxf5 Bd4 28.
Nxc5 Nxd6 29. Qg4+ Bg7 {[#]} 30. Nb7 $1 {[%mdl 512]} Qc8 (30... Qg5 31. Qxg5)
31. Qxc8+ {White is clearly winning.} Nxc8 32. Rd8+ Bf8 33. Nc5 Kg7 {[#]} 34.
Rxf8 {[%mdl 576] Decoy} Kxf8 35. Nd7+ {[%mdl 64] Double Attack} Ke7 36. Nxb8
Kd6 37. Nc6 f6 38. Kf1 {Weighted Error Value: White=0.19/Black=0.53} 1-0